000 00416nam a2200193Ia 4500
001 11973
003 GE_BSU
008 181216s||||||||xx |||||||||||||| ||und||
040 _cGE_BSU
080 _a821.111-32
100 _aCookson,Catherine.
245 4 _aThe blind Miller
260 _aLondon
260 _bCorgi Books.
260 _c1963.
300 _a286p;18cm.
653 _aThe blind Miller
942 _cBK
999 _c45150
_d45150